02187cam a22003614a 450000100090000000300040000900500170001300800410003001000170007102000150008802000180010302500380012103500220015903700630018104000190024404200100026304300120027305000240028508200200030910000150032924501230034426000980046730000210056550400510058650510050063765000330164265000190167565000230169465100370171765100350175470000170178970000190180613155791OSt20200605123557.0030107s2003 ii a b 001 0 eng  a 2003305339 a8187358092 a9788187358091 aI-E-2003-305339; 79-08; 91; 63-08 a(DLC) 2003305339 bLibrary of Congress -- New Delhi Overseas OfficecRs525.00 aDLCcoclcdDLC alcode aaz-----00aJC599.S56bH86 2003 a323.0954bCHA/H aChari, P R00aHuman security in South Asia :benergy, gender, migration, and globalisation /cedited by P.R. Chari and Sonika Gupta. aNew Delhi :bSocial Science Press :bDistributed by D.K. Publishers and Distributers,cc2003. a 202 p. :c22 cm aIncludes bibliographical references and index.0 aEvolving a theoretical perspective on human security / I.P. Khosla -- Evolving a theoretical perspective on human security : the South Asian context / A.K.M. Abdus Sabur -- Human security, economic development, and gender / Sonika Gupta -- Gendering economic development in Bangladesh : change or continuity? / Shaheen Afroze -- Indian energy security, quo vadis? / Rahul Deep Singh and Ardhendu Sen -- Energy security and sustainable human development : a Bangladesh perspective / M. Nurul Islam -- Human security, globalisation, and migration : the case of temporary migrant workers of South Asia / Chowdhury R. Abrar -- Poverty, migration, and conflict : challenges to human security in South Asia / Mahendra P. Lama -- Globalisation, good governance, and human security : the Indian experience / Suranjan Das -- Globalisation, liberalisation, and social inequality / T.C.A. Srinivasa Raghavan -- Globalisation, liberalisation, and social inequality : a Bangladesh perspective / Munim Kumar Barai. 0aQuality of lifezSouth Asia. 0aGlobalization. 0aNational security. 0aSouth AsiaxEconomic conditions. 0aSouth AsiaxSocial conditions.1 aChari, P. R.1 aGupta, Sonika.